000 00942cad a22002295a 4500
001 L154384
008 111122s20111121 d f s 000 0 eng u
035 _a(Sirsi) u154384
041 0 _aeng
050 _a333.33 $2 18
110 2 _aRightmove
245 0 0 _aEurozone uncertainty hits seller numbers and prices
_h[electronic resource]
260 _aLondon
_bRightmove
_c2011
490 0 0 _aRightmove House Price Index
_vNovember 2011
520 _aNew sellers' asking prices fell by 3.1% the largest monetary fall since December 2007 and third largest percentage fall on record. New seller shortage fails to underpin prices.
590 _aKA
650 2 4 _aRIGHTMOVE HOUSE PRICE INDEX
651 4 _aUnited Kingdom
_y
690 _aPROPERTY-RESIDENTIAL PROPERTY-RESIDENTIAL PROPERTY MARKET
856 4 0 _uhttps://www.rightmove.co.uk/news/files/2011/11/november-2011.pdf
_zView the item free of charge at www.rightmove.co.uk
942 _n0
999 _c112963
_d112963